00427pab a2200145 454500008004000000100002600040245005800066260000900124300001300133362001200146650003700158650004600195650002800241773001200269180718b2001 xxu||||| |||| 00| 0 eng d aDholakia, Ravindra H. aLiberaliztion in Gujarat: review of recent experience c2001 ap.179-89 aJan-Dec aLiberalization - India - Gujarat aEconomic liberalization - India - Gujarat aEconomic liberalization aAnvesak